| 000 | 01247cam a2200313 a 4500 | ||
|---|---|---|---|
| 001 | 4924451 | ||
| 003 | ARRUPE | ||
| 005 | 20220330093406.0 | ||
| 008 | 950419s1995 cou b 001 0 eng | ||
| 010 | _a 95014102 | ||
| 020 | _a0813326591 (hardcover : alk. paper) | ||
| 020 | _a0813326605 (paperback : alk. paper) | ||
| 040 |
_aDLC _cDLC _dDLC |
||
| 050 | 0 | 0 |
_aH61 _b.R668 1995 |
| 082 | 0 | 0 |
_a300/.1 _220 |
| 100 | 1 |
_aRosenberg, Alexander, _d1946- _950265 |
|
| 245 | 1 | 0 |
_aPhilosophy of social science / _cAlexander Rosenberg. |
| 250 | _a2nd ed. | ||
| 260 |
_aBoulder, Colo. : _bWestview Press, _c1995. |
||
| 300 |
_axv, 236 p. ; _c24 cm. |
||
| 440 | 0 |
_aDimensions of philosophy series _97977 |
|
| 504 | _aIncludes bibliographical references (p. 223-227) and index. | ||
| 650 | 0 |
_aSocial sciences _xPhilosophy. |
|
| 856 | 4 | 2 |
_3Contributor biographical information _uhttp://www.loc.gov/catdir/enhancements/fy0831/95014102-b.html |
| 856 | 4 | 2 |
_3Publisher description _uhttp://www.loc.gov/catdir/enhancements/fy0831/95014102-d.html |
| 906 |
_a7 _bcbc _corignew _d1 _eocip _f19 _gy-gencatlg |
||
| 942 |
_2lcc _cMONOGRAPH |
||
| 999 |
_c131162 _d131162 |
||